Čínský zahraniční obchod a přístup k jeho liberalizaci po světové finanční krizi

Analýza vývoja zahraničného obchodu Číny v období finančnej krízy, resp. recesie vo svetovej ekonomike a porovnanie hlavnej cesty jeho liberalizácie. Aktuálne zmeny v čínskom obchode a obchodnej politike v dôsledku súčasnej hospodárskej krízy.

Gespeichert in:
Bibliographische Detailangaben
1. Verfasser: Stuchlíková, Zuzana
Format: Buchkapitel
Sprache:Tschechisch
Schlagworte:
Tags: Tag hinzufügen
Keine Tags, Fügen Sie das erste Tag hinzu!

MARC

LEADER 00000naa a2200000 4500
001 0162167
005 20220512111415.7
041 0 |a cze 
044 |a CZ 
245 1 0 |a Čínský zahraniční obchod a přístup k jeho liberalizaci po světové finanční krizi  |c Zuzana Stuchlíková 
520 |a Analýza vývoja zahraničného obchodu Číny v období finančnej krízy, resp. recesie vo svetovej ekonomike a porovnanie hlavnej cesty jeho liberalizácie. Aktuálne zmeny v čínskom obchode a obchodnej politike v dôsledku súčasnej hospodárskej krízy. 
610 2 0 |a Čína 
610 2 0 |a kríza hospodárska 
610 2 0 |a recesia 
610 2 0 |a liberalizácia 
610 2 0 |a Svetová obchodná organizácia 
610 2 0 |a integrácia ekonomická medzinárodná 
610 2 0 |a obchod zahraničný 
100 1 |a Stuchlíková, Zuzana